000 00219nam a22001097a 4500
082 _a001
_bDIS/W
245 _aTHE WONDERFUL WORLD OF KNOWLEDGE
260 _aUSA
_bDISNEY
300 _a57
650 _aGK
_zUSA
942 _cBK
999 _c6227
_d6227